000 00479nam a2200169Ia 4500
008 240729s9999 xx 000 0 und d
022 _a2041-1480
245 0 _aJournal of Biomedical Semantics
260 _aUnited Kingdom
260 _bBMC
650 _a Computer applications to medicine. Medical informatics
650 _a Medicine (General)
650 _aMedicine
856 _uhttps://doaj.org/toc/28e3d8d78c53438fba5d3846af6d69b1
942 _2ddc
942 _cDOAJEJ
999 _c74083
_d74083
945 _a1
_bMadushi Gamage
_c1
_dMadushi Gamage